000 00612nam a2200205Ia 4500
003 OSt
005 20241001143615.0
008 210210b1957 xxu||||| |||| 00| 0 eng d
040 _cAL
041 _akan
082 _a859/401
100 _aKRASHNA MENON
_9149049
_dಕೃಷ್ಣ ಮೆನನ್
245 _aCheraman perumal
_bಚೇರಮಾನ್ ಪೆರುಮಾಳ್
260 _aBengaluru
_bNetravati Prakashana
_c1957
650 _aChairman
_9181076
690 _aKannada Fiction
_9149050
700 _aKasturi N
_d ಕಸ್ತೂರಿ ಎನ್
_9181072
906 _a021271
942 _2ddc
_cBK
999 _c145335
_d145335